[Event "DVM U12 2014"]
[Site "Verden/Aller GER"]
[Date "2014.12.28"]
[Round "3"]
[White "Knüdel, Torben"]
[Black "Feicht, Franz"]
[Result "1-0"]
[Termination "normal"]
[Board "4.3"]
[WhiteElo "1392"]
[BlackElo "1576"]
[WhiteTeam "Post SV Uelzen"]
[BlackTeam "TV Tegernsee"]
[PlyCount "23"]
[WhiteFideId "16208820"]
[BlackFideId "12960896"]
[EventCountry "GER"]
[EventRounds "7"]
[EventType "team-swiss"]
[EventDate "2014.12.26"]

1. d4 d5 2. c4 dxc4 3. e4 e6 4. Bxc4 Nf6 5. e5 Nd5 6. Nf3 c6 7. O-O Nd7 8. Nbd2
N5b6 9. Bd3 h6 10. Ne4 Be7 11. a3 Qc7 12. Bd2 1-0

[Event "DVM U12 2014"]
[Site "Verden/Aller GER"]
[Date "2014.12.28"]
[Round "3"]
[White "Kleine, Jakob"]
[Black "Badzies, Tobias"]
[Result "1-0"]
[Termination "normal"]
[Board "4.4"]
[WhiteElo "1528"]
[BlackElo "1053"]
[WhiteTeam "TV Tegernsee"]
[BlackTeam "Post SV Uelzen"]
[PlyCount "79"]
[WhiteFideId "12979821"]
[EventCountry "GER"]
[EventRounds "7"]
[EventType "team-swiss"]
[EventDate "2014.12.26"]

1. e4 c6 2. d4 d5 3. exd5 cxd5 4. Nf3 Nf6 5. h3 Nc6 6. Bd3 Be6 7. O-O a6 8. Re1
Qd7 9. Nc3 Bf5 10. Na4 Ra7 11. Nb6 Qc7 12. Nxd5 Nxd5 13. Bxf5 e6 14. Be4 Nf6
15. d5 Nxe4 16. Rxe4 Na5 17. dxe6 f5 18. Re2 Bc5 19. Be3 O-O 20. Qd5 Rd8 21.
e7+ Rxd5 22. e8=Q+ Bf8 23. Qe6+ Qf7 24. Bxa7 Qxe6 25. Rxe6 Nc4 26. Bd4 Bc5 27.
Bxc5 Rxc5 28. Nd4 Nxb2 29. Rb1 Na4 30. Rxb7 Rc8 31. Rxa6 Nc5 32. Rc6 Rxc6 33.
Rb8+ Kf7 34. Nxc6 Na6 35. Ne5+ Ke7 36. Rb7+ Kf8 37. Rf7+ Kg8 38. Ra7 h6 39.
Rxa6 Kh7 40. c4 1-0

[Event "DVM U12 2014"]
[Site "Verden/Aller GER"]
[Date "2014.12.28"]
[Round "3"]
[White "Kitzig, Tobias"]
[Black "Kopylov, Daniel"]
[Result "0-1"]
[Termination "normal"]
[Board "5.1"]
[WhiteElo "1442"]
[BlackElo "1813"]
[WhiteTeam "VfL 1990 Gera"]
[BlackTeam "TuRa Harksheide"]
[PlyCount "112"]
[BlackFideId "12921971"]
[EventCountry "GER"]
[EventRounds "7"]
[EventType "team-swiss"]
[EventDate "2014.12.26"]

1. g3 d5 2. Bg2 c6 3. d3 Nf6 4. Nd2 e5 5. e4 Bg4 6. Ne2 Bd6 7. O-O O-O 8. Qe1
Qd7 9. a3 Bh3 10. f4 Bc5+ 11. Kh1 Bxg2+ 12. Kxg2 exf4 13. Nxf4 Re8 14. b4 Bd4
15. Rb1 Bc3 16. Bb2 Bxb2 17. Rxb2 dxe4 18. dxe4 Na6 19. e5 Qd4 20. Qc1 Qxe5 21.
Nf3 Qc7 22. c4 Rad8 23. Re1 h6 24. Rbe2 Rxe2+ 25. Rxe2 Nb8 26. Qe1 Kf8 27. b5
Qd6 28. Rd2 Qe7 29. Rxd8+ Qxd8 30. Qb4+ Qe7 31. Qa5 b6 32. Qa4 c5 33. Qc2 Qe4
34. Qxe4 Nxe4 35. Nd5 f6 36. Kf1 Nd6 37. Nd2 Nd7 38. Ke2 Ne5 39. Ne3 Kf7 40. a4
Ke6 41. a5 f5 42. axb6 axb6 43. Nd5 Ndxc4 44. Nxc4 Nxc4 45. Nf4+ Ke5 46. Kd3
Na3 47. Ng6+ Kf6 48. Nf4 Ke5 49. Ng6+ Kd6 50. Nh4 Nxb5 51. Nxf5+ Kd5 52. Ne7+
Kd6 53. Nf5+ Ke5 54. Nxg7 Kd5 55. Nf5 c4+ 56. Kc2 Nd4+ 0-1

[Event "DVM U12 2014"]
[Site "Verden/Aller GER"]
[Date "2014.12.28"]
[Round "3"]
[White "Oganessjan, Artur"]
[Black "Herrmann, Nick"]
[Result "1-0"]
[Termination "normal"]
[Board "5.2"]
[WhiteElo "1786"]
[BlackElo "1235"]
[WhiteTeam "TuRa Harksheide"]
[BlackTeam "VfL 1990 Gera"]
[PlyCount "88"]
[WhiteFideId "12986062"]
[BlackFideId "12971499"]
[EventCountry "GER"]
[EventRounds "7"]
[EventType "team-swiss"]
[EventDate "2014.12.26"]

1. e4 e6 2. d4 d5 3. e5 c5 4. Nf3 Nc6 5. c3 Nh6 6. Bxh6 gxh6 7. Be2 Be7 8. Qd2
Qb6 9. O-O Bd7 10. a3 Rg8 11. b4 c4 12. a4 h5 13. Na3 Qc7 14. Rfb1 b6 15. Nb5
Qb7 16. a5 a6 17. Nd6+ Bxd6 18. exd6 b5 19. Qf4 O-O-O 20. Ne5 Nxe5 21. dxe5 d4
22. Bf3 Bc6 23. Bxc6 Qxc6 24. f3 Rd7 25. cxd4 h4 26. h3 Rg6 27. Kh2 f5 28. Qxh4
Rdg7 29. Rg1 Qd5 30. Qf4 Kb8 31. g4 fxg4 32. fxg4 c3 33. Raf1 Rg8 34. Qe3 c2
35. Rc1 Rc8 36. Rg2 h5 37. g5 Rc4 38. Rgxc2 Rg7 39. Rxc4 bxc4 40. Qf4 Rd7 41.
g6 c3 42. g7 Qa2+ 43. Kg3 Rxg7+ 44. Kh4 Rd7 {Df4?} 1-0

[Event "DVM U12 2014"]
[Site "Verden/Aller GER"]
[Date "2014.12.28"]
[Round "3"]
[White "Schulze, Nick"]
[Black "Höfs, Cederik"]
[Result "0-1"]
[Termination "normal"]
[Board "5.3"]
[WhiteElo "1288"]
[BlackElo "1163"]
[WhiteTeam "VfL 1990 Gera"]
[BlackTeam "TuRa Harksheide"]
[PlyCount "74"]
[WhiteFideId "12971847"]
[BlackFideId "16207653"]
[EventCountry "GER"]
[EventRounds "7"]
[EventType "team-swiss"]
[EventDate "2014.12.26"]

1. d4 d5 2. Nf3 Nf6 3. e3 Nc6 4. c3 Bg4 5. Nbd2 a6 6. Bd3 e6 7. b3 Bd6 8. O-O
O-O 9. Bb2 Re8 10. Qc2 e5 11. e4 dxe4 12. Bxe4 Nxe4 13. Qxe4 Bxf3 14. Qxf3 exd4
15. cxd4 Bb4 16. Nc4 Nxd4 17. Qg4 Ne2+ 18. Kh1 g6 19. Ne3 Qd2 20. Rab1 Nc3 21.
Rbc1 Ne4 22. Rc2 Nxf2+ 23. Rxf2 Rxe3 24. Rf1 Qxc2 25. Qd4 Bc3 26. Qxe3 Bxb2 27.
Qf3 Qf5 28. Qe2 Qe5 29. Qf3 Rf8 30. Qf2 Bd4 31. Qf3 Qa5 32. Qxb7 Qb5 33. Qf3
Qb4 34. Qf4 c5 35. Qc1 f5 36. Qf4 Qa5 37. Qd6 Qxa2 0-1

[Event "DVM U12 2014"]
[Site "Verden/Aller GER"]
[Date "2014.12.28"]
[Round "3"]
[White "Bahde, Thiemo"]
[Black "Aniol, Adrian"]
[Result "0-1"]
[Termination "normal"]
[Board "5.4"]
[WhiteElo "1064"]
[BlackElo "1339"]
[WhiteTeam "TuRa Harksheide"]
[BlackTeam "VfL 1990 Gera"]
[PlyCount "32"]
[WhiteFideId "16205537"]
[BlackFideId "16229967"]
[EventCountry "GER"]
[EventRounds "7"]
[EventType "team-swiss"]
[EventDate "2014.12.26"]

1. e4 d5 2. exd5 Qxd5 3. d4 Nf6 4. Nc3 Qa5 5. Bd2 c6 6. Ne4 Qb6 7. Nxf6+ gxf6
8. Bc3 Bf5 9. Nf3 Nd7 10. Bc4 Bh6 11. Ng1 e6 12. Nf3 O-O-O 13. O-O Rhg8 14. b3
Bh3 15. Qe1 Bxg2 16. Ba5 Bxf3# 0-1

[Event "DVM U12 2014"]
[Site "Verden/Aller GER"]
[Date "2014.12.28"]
[Round "3"]
[White "Schlangenotto, Niklas"]
[Black "Heckmann, Till"]
[Result "0-1"]
[Termination "normal"]
[Board "6.1"]
[WhiteElo "1549"]
[BlackElo "1530"]
[WhiteTeam "SK Blauer Springer Paderborn"]
[BlackTeam "SV Empor Berlin"]
[PlyCount "102"]
[WhiteFideId "16217560"]
[BlackFideId "12987093"]
[EventCountry "GER"]
[EventRounds "7"]
[EventType "team-swiss"]
[EventDate "2014.12.26"]

1. c4 Nf6 2. g3 d6 3. Bg2 g6 4. Nc3 Bg7 5. e4 Nbd7 6. Nge2 O-O 7. O-O c5 8. d3
a6 9. a4 Qc7 10. f4 Nb8 11. h3 Nc6 12. g4 e6 13. Be3 b6 14. Ng3 Bb7 15. g5 Nd7
16. h4 Nd4 17. Kf2 f5 18. Rh1 fxe4 19. dxe4 e5 20. f5 gxf5 21. Bxd4 fxe4+ 22.
Ke1 exd4 23. Ncxe4 d5 24. cxd5 Bxd5 25. Qg4 Rae8 26. Kd2 Bxe4 27. Bxe4 Rf2+ 28.
Kd1 Qf4 29. Bxh7+ Kh8 30. Qxf4 Rxf4 31. Bf5 Re7 32. Rf1 Rxh4 33. Bd3 Re3 34.
Bf5 Rxg3 35. Bxd7 Rxg5 36. Kc2 Rh2+ 37. Kb3 Rg3+ 38. Ka2 d3 39. Rab1 Rgg2 40.
Be6 Rxb2+ 41. Rxb2 Rxb2+ 42. Ka3 Rh2 43. Bc4 Rh3 44. Bxa6 d2+ 45. Ka2 Rh4 46.
Ka3 Rb4 47. Bb7 Bb2+ 48. Ka2 Bc1 49. Bc6 Rd4 50. Rd1 Kg7 51. Kb3 Kf6 0-1

[Event "DVM U12 2014"]
[Site "Verden/Aller GER"]
[Date "2014.12.28"]
[Round "3"]
[White "Pysarenko, Kyrill"]
[Black "Stirnberg, Noah"]
[Result "0-1"]
[Termination "normal"]
[Board "6.2"]
[WhiteElo "1408"]
[BlackElo "1528"]
[WhiteTeam "SV Empor Berlin"]
[BlackTeam "SK Blauer Springer Paderborn"]
[PlyCount "81"]
[WhiteFideId "12974250"]
[BlackFideId "16207742"]
[EventCountry "GER"]
[EventRounds "7"]
[EventType "team-swiss"]
[EventDate "2014.12.26"]

1. e4 c5 2. Nf3 d6 3. d4 cxd4 4. Nxd4 Nf6 5. Nc3 a6 6. h3 e6 7. g3 Be7 8. Bg2
e5 9. Nde2 Be6 10. g4 h6 11. Ng3 Nbd7 12. Be3 b5 13. a3 Nb6 14. O-O O-O 15. Kh1
Rc8 16. Bxb6 Qxb6 17. Nf5 Bxf5 18. exf5 Rfd8 19. Qe2 Rd7 20. Rad1 Qc7 21. f4
exf4 22. Rxf4 d5 23. Rfd4 Bc5 24. Nxd5 Nxd5 25. Rxd5 Re7 26. Qd3 Rce8 27. Rf1
Re1 28. Rxe1 Rxe1+ 29. Bf1 Qc6 30. Kh2 Qc7+ 31. Kg2 Re3 32. Qd1 Rg3+ 33. Kh2
Rd3+ 34. Kg2 Rxd1 35. Rxd1 Qc6+ 36. Kg3 Bd6+ 37. Kf2 Qxc2+ 38. Kf3 Qxd1+ 39.
Ke3 Qxf1 40. f6 Qf4+ 41. Ke2 0-1

[Event "DVM U12 2014"]
[Site "Verden/Aller GER"]
[Date "2014.12.28"]
[Round "3"]
[White "Brockhoff, Moritz"]
[Black "Breitzmann, Sander"]
[Result "0-1"]
[Termination "normal"]
[Board "6.3"]
[WhiteElo "1447"]
[BlackElo "1410"]
[WhiteTeam "SK Blauer Springer Paderborn"]
[BlackTeam "SV Empor Berlin"]
[PlyCount "40"]
[WhiteFideId "16214927"]
[BlackFideId "12987085"]
[EventCountry "GER"]
[EventRounds "7"]
[EventType "team-swiss"]
[EventDate "2014.12.26"]

1. d4 Nf6 2. Nf3 c5 3. c3 d5 4. Bf4 Nc6 5. e3 Bg4 6. h3 Bh5 7. Be2 e6 8. Nbd2
Be7 9. O-O O-O 10. Qc2 c4 11. e4 Bg6 12. Rfe1 Nxe4 13. Nxe4 Bxe4 14. Qd1 h6 15.
Ne5 Nxe5 16. dxe5 Bc5 17. Bxc4 Qh4 18. Bg3 Qxg3 19. Bf1 Bxf2+ 20. Kh1 Qxh3# 0-1

[Event "DVM U12 2014"]
[Site "Verden/Aller GER"]
[Date "2014.12.28"]
[Round "3"]
[White "Breitzmann, Thorge"]
[Black "Janke, Julian"]
[Result "0-1"]
[Termination "normal"]
[Board "6.4"]
[WhiteElo "1230"]
[BlackElo "1192"]
[WhiteTeam "SV Empor Berlin"]
[BlackTeam "SK Blauer Springer Paderborn"]
[PlyCount "60"]
[BlackFideId "16229185"]
[EventCountry "GER"]
[EventRounds "7"]
[EventType "team-swiss"]
[EventDate "2014.12.26"]

1. d4 d5 2. c4 c6 3. Nc3 Nf6 4. Bg5 Be6 5. Nf3 h6 6. Bh4 Bf5 7. e3 e6 8. Be2
Be7 9. O-O Nbd7 10. h3 O-O 11. Ne5 Qc7 12. Bg3 Nxe5 13. Bxe5 Qd8 14. Qb3 Qd7
15. f4 Ne8 16. c5 f6 17. Bd6 Nxd6 18. cxd6 Bxd6 19. Bf3 Bg6 20. g3 e5 21. fxe5
fxe5 22. Bg4 Qe7 23. Rae1 exd4 24. Be6+ Qxe6 25. e4 Rxf1+ 26. Kxf1 Qxh3+ 27.
Kg1 Qxg3+ 28. Kf1 Rf8+ 29. Ke2 dxc3 30. exd5 Qd3# 0-1

[Event "DVM U12 2014"]
[Site "Verden/Aller GER"]
[Date "2014.12.28"]
[Round "3"]
[White "Krastev, Alexander"]
[Black "Lichtmannecker, Daniel"]
[Result "1-0"]
[Termination "normal"]
[Board "7.1"]
[WhiteElo "1727"]
[BlackElo "1518"]
[WhiteTeam "Biebertaler Schachfreunde"]
[BlackTeam "FC Ergolding"]
[PlyCount "93"]
[WhiteFideId "12989983"]
[BlackFideId "12979414"]
[EventCountry "GER"]
[EventRounds "7"]
[EventType "team-swiss"]
[EventDate "2014.12.26"]

1. e4 e6 2. Nf3 d5 3. Nc3 c5 4. d3 Nc6 5. g3 Nf6 6. Bg2 Be7 7. O-O d4 8. Ne2 e5
9. Ng5 Nd7 10. Nh3 O-O 11. f4 f6 12. f5 b5 13. a4 bxa4 14. Rxa4 Nb6 15. Ra1 Bb7
16. b3 Rc8 17. Nf2 Qe8 18. Bf3 Kh8 19. h4 Qf7 20. Kg2 Qe8 21. Rh1 Nd7 22. Ng1
Qd8 23. Be2 Qe8 24. Bd2 Nb6 25. h5 h6 26. Nf3 Nd7 27. Nh4 Rg8 28. Ng6+ Kh7 29.
Qc1 Bf8 30. Ng4 a6 31. Qb2 Nd8 32. Raf1 Nc6 33. Rh4 Nb4 34. Nf2 Rc7 35. Rg4 Bc8
36. Nh4 Be7 37. Qc1 Na2 38. Qb2 Nb4 39. Rg6 Bb7 40. Rh1 Bc8 41. Nf3 Bb7 42. Ng4
Bf8 43. Ra1 Rh8 44. Qc1 Qf7 45. Nfh2 Nb6 46. Bxh6 gxh6 47. Nxh6 1-0

[Event "DVM U12 2014"]
[Site "Verden/Aller GER"]
[Date "2014.12.28"]
[Round "3"]
[White "Astner, Sebastian"]
[Black "Pralle, Finnegan"]
[Result "0-1"]
[Termination "normal"]
[Board "7.2"]
[WhiteElo "1437"]
[BlackElo "1698"]
[WhiteTeam "FC Ergolding"]
[BlackTeam "Biebertaler Schachfreunde"]
[PlyCount "70"]
[WhiteFideId "12979422"]
[BlackFideId "12986615"]
[EventCountry "GER"]
[EventRounds "7"]
[EventType "team-swiss"]
[EventDate "2014.12.26"]

1. e4 e5 2. Bc4 Bc5 3. Nf3 Nc6 4. Nc3 Nf6 5. d3 d6 6. Bg5 h6 7. Bh4 Be6 8. Bb3
Nd4 9. Nxd4 Bxd4 10. Ne2 Bb6 11. O-O g5 12. Bg3 h5 13. h4 Ng4 14. Bxe6 fxe6 15.
hxg5 h4 16. Bh2 Qxg5 17. d4 Nxh2 18. Kxh2 Ke7 19. Qd3 Rag8 20. Qh3 exd4 21.
Rad1 Qe5+ 22. f4 Qxe4 23. Rde1 Rg3 24. Qxe6+ Kxe6 25. Nxg3 hxg3+ 26. Kxg3 Qxe1+
27. Rxe1+ Kf5 28. Kf3 Rh4 29. Re4 c5 30. a3 c4 31. Re7 Rxf4+ 32. Kg3 Rg4+ 33.
Kf3 Rg6 34. Rxb7 d3 35. cxd3 cxd3 0-1

[Event "DVM U12 2014"]
[Site "Verden/Aller GER"]
[Date "2014.12.28"]
[Round "3"]
[White "Engländer, Leon Arne"]
[Black "Kühne, Maria"]
[Result "0-1"]
[Termination "normal"]
[Board "7.3"]
[WhiteElo "1312"]
[BlackElo "1204"]
[WhiteTeam "Biebertaler Schachfreunde"]
[BlackTeam "FC Ergolding"]
[PlyCount "118"]
[WhiteFideId "12997226"]
[BlackFideId "12997412"]
[EventCountry "GER"]
[EventRounds "7"]
[EventType "team-swiss"]
[EventDate "2014.12.26"]

1. e4 Nf6 2. Nc3 e5 3. Bc4 Bc5 4. d3 d6 5. f4 Ng4 6. Nh3 Qh4+ 7. Kf1 Nf2 8. Qe1
Bxh3 9. Be3 Bxe3 10. Qxe3 Nxh1 11. gxh3 exf4 12. Qf3 Nc6 13. Kg2 Ne5 14. Qf1
Ng3 15. hxg3 Qxg3+ 16. Kh1 Nf3 17. Qg2 Qxg2+ 18. Kxg2 Nh4+ 19. Kf2 c6 20. Ne2
g5 21. Rg1 h6 22. Nd4 Ke7 23. Nf3 Nxf3 24. Kxf3 f6 25. Kg4 b5 26. Bb3 a5 27. c3
a4 28. Bd1 c5 29. h4 b4 30. c4 a3 31. b3 Ke6 32. h5 Ke5 33. Rf1 Raf8 34. Kh3 f5
35. exf5 Rxf5 36. Bf3 Kd4 37. Be4 Rf6 38. Rf3 Re8 39. Kg4 Rxe4 40. dxe4 Kxe4
41. Rf1 f3 42. Kg3 f2 43. Rxf2 Rxf2 44. Kxf2 Kd3 45. Kf3 Kc2 46. Ke4 Kb2 47.
Kf5 Kxa2 48. Kg6 Kxb3 49. Kxh6 a2 50. Kxg5 a1=Q 51. h6 Qh8 52. Kf5 Qxh6 53. Ke4
Kxc4 54. Kf3 Qh4 55. Ke3 b3 56. Kd2 Qg3 57. Ke2 b2 58. Kd2 b1=Q 59. Ke2 Qbd3#
0-1

[Event "DVM U12 2014"]
[Site "Verden/Aller GER"]
[Date "2014.12.28"]
[Round "3"]
[White "Ottmair, Clemens"]
[Black "Engert, Kiyan"]
[Result "0-1"]
[Termination "normal"]
[Board "7.4"]
[WhiteElo "1105"]
[BlackElo "1156"]
[WhiteTeam "FC Ergolding"]
[BlackTeam "Biebertaler Schachfreunde"]
[PlyCount "84"]
[BlackFideId "16214870"]
[EventCountry "GER"]
[EventRounds "7"]
[EventType "team-swiss"]
[EventDate "2014.12.26"]

1. e4 e5 2. Nf3 Nc6 3. Bb5 Bc5 4. Nc3 Nge7 5. d3 a6 6. Ba4 d6 7. h3 O-O 8. Bg5
h6 9. Bh4 Be6 10. O-O Qd7 11. Qe2 Ng6 12. Bg3 b5 13. Bb3 Bd4 14. Bxe6 Qxe6 15.
Nxd4 Nxd4 16. Qd2 f5 17. exf5 Qxf5 18. Rad1 Nf4 19. Bxf4 exf4 20. f3 Rae8 21.
Rfe1 Qg5 22. Qf2 c5 23. Rxe8 Rxe8 24. Kf1 Nf5 25. Ne4 Ne3+ 26. Kg1 Nxd1 27. Qd2
Qe5 28. Qxd1 d5 29. Nxc5 Qe3+ 30. Kf1 Qxc5 31. Qd2 Qe3 32. Qd1 Rc8 33. a3 a5
34. b4 axb4 35. axb4 Qd4 36. Qe2 Qe3 37. Qd1 Ra8 38. Qb1 Ra4 39. Qb2 Qe7 40. c3
Qe3 41. d4 Ra8 42. Qb3 Ra1+ 0-1

[Event "DVM U12 2014"]
[Site "Verden/Aller GER"]
[Date "2014.12.28"]
[Round "3"]
[White "Reitz, Theresa"]
[Black "Chernykh, Arkady"]
[Result "0-1"]
[Termination "normal"]
[Board "8.1"]
[WhiteElo "1485"]
[BlackElo "1426"]
[WhiteTeam "VfR-SC Koblenz"]
[BlackTeam "Karlsruher SF 1853"]
[PlyCount "100"]
[WhiteFideId "12971901"]
[BlackFideId "12989436"]
[EventCountry "GER"]
[EventRounds "7"]
[EventType "team-swiss"]
[EventDate "2014.12.26"]

1. e4 c6 2. d4 d5 3. Nc3 dxe4 4. Nxe4 Bf5 5. Ng3 Bg6 6. h4 h6 7. h5 Bh7 8. Nf3
Nf6 9. Bd3 Bxd3 10. Qxd3 e6 11. Bd2 Nbd7 12. Ne4 Nxe4 13. Qxe4 Nf6 14. Qe2 Bd6
15. Rh3 Qb6 16. Bc3 Nd5 17. Nd2 Nf4 18. Nc4 Qc7 19. Nxd6+ Qxd6 20. Qg4 Nxh3 21.
gxh3 O-O-O 22. O-O-O Qd5 23. b3 Qg5+ 24. f4 Qxg4 25. hxg4 f5 26. gxf5 exf5 27.
d5 Rhg8 28. d6 g5 29. fxg5 Rxg5 30. Bf6 Rxh5 31. Bxd8 Kxd8 32. c4 f4 33. Rf1
Rf5 34. Kd2 Kd7 35. c5 Rxc5 36. Rxf4 Rd5+ 37. Ke3 Rxd6 38. Rf7+ Kc8 39. Rh7 Kb8
40. Ke4 Rd2 41. Rxh6 Rxa2 42. Kd4 Kc7 43. Kc3 Kb6 44. Rh4 Ka5 45. Rh6 Rg2 46.
Rh7 Rg3+ 47. Kc2 b5 48. Rxa7+ Kb4 49. Rh7 Rg2+ 50. Kd3 Kxb3 0-1

[Event "DVM U12 2014"]
[Site "Verden/Aller GER"]
[Date "2014.12.28"]
[Round "3"]
[White "Fidlin, Simon"]
[Black "Mailitis, Ricardo"]
[Result "0-1"]
[Termination "normal"]
[Board "8.2"]
[WhiteElo "1334"]
[BlackElo "1473"]
[WhiteTeam "Karlsruher SF 1853"]
[BlackTeam "VfR-SC Koblenz"]
[PlyCount "130"]
[WhiteFideId "16217535"]
[BlackFideId "12977535"]
[EventCountry "GER"]
[EventRounds "7"]
[EventType "team-swiss"]
[EventDate "2014.12.26"]

1. e4 e5 2. Nf3 Nc6 3. Bb5 Nd4 4. Nxd4 exd4 5. d3 c6 6. Bc4 Nf6 7. Bg5 Be7 8.
O-O d5 9. exd5 Nxd5 10. Re1 Be6 11. Bxe7 Kxe7 12. Nd2 Re8 13. Nf3 Nc7 14. Ne5
Kf8 15. Bxe6 Rxe6 16. Qh5 Rxe5 17. Qxe5 Ne6 18. Qf5 Kg8 19. Re4 Qb6 20. Rb1 Qa6
21. a3 Rd8 22. h4 h6 23. Rbe1 Qb6 24. b3 Rd5 25. Re5 Qa5 26. a4 Qxe1+ 27. Rxe1
Rxf5 28. g4 Rf4 29. f3 Rxf3 30. Kg2 Re3 31. Rc1 Kf8 32. Kf2 Ke7 33. Rd1 Kd6 34.
c3 c5 35. b4 b6 36. a5 Nf4 37. axb6 axb6 38. bxc5+ bxc5 39. cxd4 cxd4 40. Ra1
Nxd3+ 41. Kg2 Ke5 42. Ra7 Kf6 43. Ra6+ Re6 44. Ra4 Ne1+ 45. Kf2 d3 46. Rf4+ Kg6
47. Rd4 Re2+ 48. Kf1 Re3 49. Kf2 Nc2 50. Rd6+ f6 51. Rd7 Re2+ 52. Kf1 Ne3+ 53.
Kg1 d2 54. h5+ Kh7 55. g5 fxg5 56. Kh1 d1=Q+ 57. Rxd1 Nxd1 58. Kg1 Rf2 59. Kh1
g6 60. Kg1 gxh5 61. Kh1 Kg6 62. Kg1 Kf5 63. Kh1 Kg4 64. Kg1 Kg3 65. Kh1 Rf1#
0-1

[Event "DVM U12 2014"]
[Site "Verden/Aller GER"]
[Date "2014.12.28"]
[Round "3"]
[White "Riedel, Thomas"]
[Black "Kokschenev, Michael"]
[Result "1/2-1/2"]
[Termination "normal"]
[Board "8.3"]
[WhiteElo "1199"]
[BlackElo "1086"]
[WhiteTeam "VfR-SC Koblenz"]
[BlackTeam "Karlsruher SF 1853"]
[PlyCount "94"]
[WhiteFideId "12988278"]
[BlackFideId "12983721"]
[EventCountry "GER"]
[EventRounds "7"]
[EventType "team-swiss"]
[EventDate "2014.12.26"]

1. e4 e5 2. Nf3 Nc6 3. Bc4 Bc5 4. d3 Nf6 5. Bg5 h6 6. Bh4 d6 7. c3 Be6 8. Bxe6
fxe6 9. Qb3 Qe7 10. Qxb7 Rd8 11. Qxc6+ Kf7 12. Nbd2 Rb8 13. Nb3 g5 14. Bg3 Nd7
15. Qxc7 Rhf8 16. O-O Rfc8 17. Qa5 Bb6 18. Qa4 Nc5 19. Nxc5 Bxc5 20. b4 Bb6 21.
Nxe5+ dxe5 22. Bxe5 Bc7 23. Bxc7 Rxc7 24. Rac1 Rd8 25. d4 Rc4 26. f4 g4 27. f5
e5 28. Qb3 Rdc8 29. dxe5 Qxe5 30. Rfe1 Kf6 31. Qa3 R8c7 32. Qa6+ Kf7 33. Qg6+
Ke7 34. Qxh6 Rxc3 35. Rxc3 Qxc3 36. Qe6+ Kf8 37. Rd1 Qe3+ 38. Kh1 Rc1 39. Qf6+
Kg8 40. Qd8+ Kf7 41. Qd5+ Kf8 42. Qa8+ Kf7 43. Qd5+ Kf8 44. Qd6+ Kf7 45. Qg6+
Kf8 46. Qd6+ Kf7 47. Qd7+ Kf8 1/2-1/2

[Event "DVM U12 2014"]
[Site "Verden/Aller GER"]
[Date "2014.12.28"]
[Round "3"]
[White "Fidlin, Maximilian"]
[Black "Stahnecker, Hagen"]
[Result "0-1"]
[Termination "normal"]
[Board "8.4"]
[WhiteElo "1051"]
[BlackElo "989"]
[WhiteTeam "Karlsruher SF 1853"]
[BlackTeam "VfR-SC Koblenz"]
[PlyCount "115"]
[WhiteFideId "12982555"]
[BlackFideId "16225422"]
[EventCountry "GER"]
[EventRounds "7"]
[EventType "team-swiss"]
[EventDate "2014.12.26"]

1. e4 e5 2. Nf3 Nc6 3. Bb5 a6 4. Ba4 Nf6 5. O-O d6 6. h3 Be7 7. Re1 O-O 8. c3
Be6 9. d4 exd4 10. cxd4 d5 11. Nc3 dxe4 12. Nxe4 Nxe4 13. Rxe4 Bd5 14. Re1 Bf6
15. Bxc6 bxc6 16. Be3 Rb8 17. b3 Re8 18. Rc1 Qd7 19. Rb1 Bxf3 20. Qxf3 Re7 21.
Rbd1 Rbe8 22. Kf1 Qd6 23. g3 Qd7 24. Qg2 Re4 25. a3 c5 26. dxc5 Qb5+ 27. Kg1
Qxb3 28. Qf3 h6 29. Rd2 Bg5 30. Rde2 Qxa3 31. Kg2 Bxe3 32. Rxe3 Rxe3 33. fxe3
Qxc5 34. e4 a5 35. Qe3 Qxe3 36. Rxe3 Kf8 37. Kf3 Ke7 38. Rc3 Rc8 39. Rc5 a4 40.
Ra5 Ke6 41. Rxa4 f5 42. Ra5 fxe4+ 43. Kxe4 Rd8 44. Rc5 Kd6 45. Rd5+ Ke7 46. Rc5
Rd7 47. Ke5 Kd8 48. Rc6 Re7+ 49. Re6 c6 50. Rxe7 Kxe7 51. Kd4 Kd6 52. Kc4 c5
53. h4 Ke6 54. h5 Kd6 55. g4 Kc6 56. Kc3 Kd5 57. Kd3 Ke5 58. Ke3 0-1

[Event "DVM U12 2014"]
[Site "Verden/Aller GER"]
[Date "2014.12.28"]
[Round "3"]
[White "Diel, Tom"]
[Black "Gheng, Dominik"]
[Result "0-1"]
[Termination "normal"]
[Board "9.1"]
[WhiteElo "1230"]
[BlackElo "1713"]
[WhiteTeam "SV Lendersdorf 57"]
[BlackTeam "Schach-Kids Bernhausen"]
[PlyCount "75"]
[WhiteFideId "16258428"]
[BlackFideId "12906778"]
[EventCountry "GER"]
[EventRounds "7"]
[EventType "team-swiss"]
[EventDate "2014.12.26"]

1. e4 e5 2. Nf3 Nc6 3. Bc4 Nf6 4. Nc3 Be7 5. d3 O-O 6. Be3 d6 7. O-O Bg4 8. h3
Bh5 9. Re1 a6 10. a3 b5 11. Ba2 Nb8 12. Qe2 c5 13. Bd5 Nxd5 14. Nxd5 Nc6 15. c3
f5 16. Kh1 fxe4 17. dxe4 Bxf3 18. gxf3 Bh4 19. Rg1 Qd7 20. Rg4 Bd8 21. Rag1 Rf7
22. f4 h5 23. R4g3 h4 24. Rg4 exf4 25. Nxf4 Ne5 26. R4g2 Qb7 27. Nh5 Nf3 28.
Rf1 Qd7 29. Nf4 Rxf4 30. Bxf4 Qxh3+ 31. Bh2 Bf6 32. Qd3 Rf8 33. Qxd6 Be5 34.
Qd5+ Kh8 35. Qxc5 Rg8 36. Rd1 Nxh2 37. Qxe5 Nf3+ 38. Rh2 0-1

[Event "DVM U12 2014"]
[Site "Verden/Aller GER"]
[Date "2014.12.28"]
[Round "3"]
[White "Grube, Olaf"]
[Black "Sorokin, Michael"]
[Result "1-0"]
[Termination "normal"]
[Board "9.2"]
[WhiteElo "1164"]
[BlackElo "1129"]
[WhiteTeam "Schach-Kids Bernhausen"]
[BlackTeam "SV Lendersdorf 57"]
[PlyCount "68"]
[WhiteFideId "12956988"]
[BlackFideId "16229045"]
[EventCountry "GER"]
[EventRounds "7"]
[EventType "team-swiss"]
[EventDate "2014.12.26"]

1. e4 c5 2. Nf3 d6 3. d4 cxd4 4. Nxd4 Nf6 5. Nc3 g6 6. Bb5+ Bd7 7. Qe2 Bg7 8.
Bg5 a6 9. Bxd7+ Nbxd7 10. O-O-O Qa5 11. Bd2 Rc8 12. Nb3 Qb6 13. Be3 Qc7 14. Rd2
O-O 15. Rhd1 b5 16. a3 Rb8 17. f4 Qc6 18. Na5 Qc7 19. Nb3 Nc5 20. Bxc5 dxc5 21.
e5 Nh5 22. Nd5 Qa7 23. g4 Nxf4 24. Nxf4 c4 25. Rd7 Qa8 26. Nc5 a5 27. Kb1 a4
28. c3 Qc6 29. e6 Qxc5 30. exf7+ Rxf7 31. Ne6 Qb6 32. Nxg7 Kxg7 33. Rxe7 Kf8
34. Rxf7+ Kxf7 1-0

[Event "DVM U12 2014"]
[Site "Verden/Aller GER"]
[Date "2014.12.28"]
[Round "3"]
[White "Klein-Uebbing, Niklas"]
[Black "Späth, Christoph"]
[Result "0-1"]
[Termination "normal"]
[Board "9.3"]
[WhiteElo "1143"]
[BlackElo "1166"]
[WhiteTeam "SV Lendersdorf 57"]
[BlackTeam "Schach-Kids Bernhausen"]
[PlyCount "74"]
[EventCountry "GER"]
[EventRounds "7"]
[EventType "team-swiss"]
[EventDate "2014.12.26"]

1. e4 e5 2. Nf3 Nc6 3. Bc4 Bc5 4. d3 h6 5. Be3 b6 6. c3 Nf6 7. Nbd2 Bxe3 8.
fxe3 d6 9. O-O d5 10. exd5 Nxd5 11. Re1 Bg4 12. e4 Nf4 13. Nf1 O-O 14. Ng3 Qd6
15. Rf1 Rad8 16. d4 exd4 17. cxd4 Nxd4 18. Rf2 Nxf3+ 19. Rxf3 Bxf3 20. Qxf3
Qd4+ 21. Kh1 Nxg2 22. Bxf7+ Rxf7 23. Qxg2 Qa4 24. h3 Rd1+ 25. Rxd1 Qxd1+ 26.
Kh2 Qd4 27. Nf5 Qe5+ 28. Kh1 Rxf5 29. exf5 Qxf5 30. Kh2 Qe5+ 31. Kh1 a5 32. Qb7
Qg3 33. Qc8+ Kh7 34. Qf5+ Qg6 35. Qxg6+ Kxg6 36. Kg2 Kf5 37. Kf3 g5 0-1